00635nam a2200205Ia 4500008004000000041000800040082001300048100001600061245004400077260004200121650001100163650000800174650001300182650001500195650000600210690001600216906001100232999001900243952016700262210210b1999 xxu||||| |||| 00| 0 eng d aeng a510 BOST aBOSCO (S S) aTheory and problems in mathmatics I puc aMangalorebBoscoss Publicationsc1999 aTheory apuc aproblems amathmatics aI aMathematics a054732 c127614d127614 011040708MathematicsaALbALcMathematicsd2021-02-17eSt. Aloysius College Cooperative Storeg169.00l0o510 BOSTp054732r2021-02-17 00:00:00w2021-02-17yBK